000 004590000a22001930004500
999 _c48650
_d48650
001 1490
003 CO-MdFUSB
005 20170831192145.0
008 170831b xxu||||| |||| 00| 0 eng d
020 _a958-04-7210-6
040 _cCO-MdBIC
082 0 4 _a863C Es18c
100 1 _aEscobar, Melba
245 1 0 _aLos siete mejores cuentos chinos / Melba Escobar
260 _aBogotá : Norma
300 _a53 P.
650 1 4 _aCuentos Chinos
942 _cLGB